| 000 | 00438nam a2200181Ia 4500 | ||
|---|---|---|---|
| 001 | 24859 | ||
| 005 | 20260414151111.0 | ||
| 008 | 260414t2010||||xx |||||||||||||| ||spa|| | ||
| 041 | _aESP | ||
| 082 |
_a346 _bO44 |
||
| 100 |
_aOliva Blázquez, Francisco _eAUT |
||
| 245 | 0 |
_aEl error iuris en el derecho civil _b |
|
| 260 | _c2010 | ||
| 300 |
_a495 páginas : _c24 cm. |
||
| 650 | _aDER | ||
| 654 | _aCDE | ||
| 942 |
_cLIB _dJUS _fJUS _2ddc _n |
||
| 999 |
_c24859 _d24859 |
||